01016cam a22002658a 45000010009000000050017000090080041000260200043000670820025001102450096001352460036002312500012002672600046002792630009003253000014003345040051003486500030003996530022004297000035004517000041004867000039005279420013005669990017005799520154005961729082520130204161321.0120504s2013 mou b 001 0 eng  a9780323083430 (hardcover : alk. paper)00a618.9200231223bWON00aWong's Essentials of Pediatric Nursing /c[edited by] Marilyn J. Hockenberry, David Wilson.1 aEssentials of pediatric nursing a9th ed. aSt. Louis, Mo. :bElsevier/Mosby,cc2013. a1210 ap. ;ccm. aIncludes bibliographical references and index.12aPediatric Nursing.932392 bNURcFebruary20131 aHockenberry, Marilyn J.9293881 aWilson, David,d1950 Aug. 25-9293891 aWong, Donna L.,d1948-2008.929387 2ddccNRB c17226d17198 00102ddc40708araboasisaMAINbMAINc1STd2013-02-04epurchaseg700.00h18l8m64o618.9200231 WONp000028006r2025-11-26 00:00:00s2022-11-24yBB